<?xml version="1.0" encoding="UTF-8"?>
<record
    xmlns:xsi="http://www.w3.org/2001/XMLSchema-instance"
    xsi:schemaLocation="http://www.loc.gov/MARC21/slim http://www.loc.gov/standards/marcxml/schema/MARC21slim.xsd"
    xmlns="http://www.loc.gov/MARC21/slim">

  <leader>01028nam a2200253Ia 4500</leader>
  <controlfield tag="008">200824s9999||||xx |||||||||||||| ||und||</controlfield>
  <datafield tag="020" ind1=" " ind2=" ">
    <subfield code="a">1885216912</subfield>
  </datafield>
  <datafield tag="020" ind1=" " ind2=" ">
    <subfield code="a">9781885216915 </subfield>
  </datafield>
  <datafield tag="041" ind1=" " ind2=" ">
    <subfield code="a">chi</subfield>
    <subfield code="h">eng</subfield>
  </datafield>
  <datafield tag="050" ind1=" " ind2=" ">
    <subfield code="a">BV4529  </subfield>
    <subfield code="b">.F4512 2009</subfield>
  </datafield>
  <datafield tag="100" ind1=" " ind2=" ">
    <subfield code="a">Feldhahn, Shaunti </subfield>
  </datafield>
  <datafield tag="245" ind1=" " ind2="0">
    <subfield code="a">&#x7D66;&#x7236;&#x6BCD;&#x7684;&#x5E78;&#x798F;&#x79D8;&#x7B08;: </subfield>
    <subfield code="b">&#x9032;&#x5165;&#x4F60;&#x5B69;&#x5B50;&#x7684;&#x601D;&#x7DAD;&#x4E16;&#x754C; = For parents only: getting inside the head of your kid /</subfield>
    <subfield code="c">&#x6851;&#x8482;&#xB7;&#x83F2;&#x5FB7;&#x7FF0; (Shaunti Feldhahn), &#x9E97;&#x838E;&#xB7;&#x840A;&#x65AF; (Lisa Ann Rice) &#x8457;; &#x6797;&#x601D;&#x7267;&#x8B6F;</subfield>
  </datafield>
  <datafield tag="246" ind1=" " ind2=" ">
    <subfield code="a">&#x7ED9;&#x7236;&#x6BCD;&#x7684;&#x5E78;&#x798F;&#x79D8;&#x7B08; :</subfield>
    <subfield code="b">&#x8FDB;&#x5165;&#x4F60;&#x5B69;&#x5B50;&#x7684;&#x601D;&#x7EF4;&#x4E16;&#x754C; </subfield>
  </datafield>
  <datafield tag="260" ind1=" " ind2=" ">
    <subfield code="a">&#x7F8E;&#x570B;:</subfield>
    <subfield code="b">&#x53F0;&#x798F;&#x50B3;&#x64AD;&#x4E2D;&#x5FC3;</subfield>
    <subfield code="c">2009</subfield>
  </datafield>
  <datafield tag="300" ind1=" " ind2=" ">
    <subfield code="a">188 p.</subfield>
    <subfield code="b">;</subfield>
    <subfield code="c">18 cm.</subfield>
  </datafield>
  <datafield tag="500" ind1=" " ind2=" ">
    <subfield code="a">Translation of: For parents only: getting inside the head of your kid.</subfield>
  </datafield>
  <datafield tag="650" ind1=" " ind2=" ">
    <subfield code="a">Child rearing -- Religious aspects -- Christianity.</subfield>
  </datafield>
  <datafield tag="650" ind1=" " ind2=" ">
    <subfield code="a">Parenting -- Religious aspects -- Christinity.</subfield>
  </datafield>
  <datafield tag="650" ind1=" " ind2=" ">
    <subfield code="a">Religion -- Christian Life -- General.</subfield>
  </datafield>
  <datafield tag="700" ind1=" " ind2=" ">
    <subfield code="a">Rice, Lisa Ann </subfield>
  </datafield>
  <datafield tag="700" ind1=" " ind2=" ">
    <subfield code="a">&#x6797;&#x601D;&#x7267;</subfield>
  </datafield>
  <datafield tag="700" ind1=" " ind2=" ">
    <subfield code="a">&#x6851;&#x8482;&#xB7;&#x83F2;&#x5FB7;&#x7FF0;</subfield>
  </datafield>
  <datafield tag="952" ind1=" " ind2=" ">
    <subfield code="0">0</subfield>
    <subfield code="1">0</subfield>
    <subfield code="4">0</subfield>
    <subfield code="7">0</subfield>
    <subfield code="a">GETS</subfield>
    <subfield code="b">GETS</subfield>
    <subfield code="c">GETS</subfield>
    <subfield code="d">2020-08-24</subfield>
    <subfield code="l">0</subfield>
    <subfield code="o">BV4529 .F4512 2009</subfield>
    <subfield code="p">00005996</subfield>
    <subfield code="r">2020-08-24 00:00:00</subfield>
    <subfield code="w">2020-08-24</subfield>
    <subfield code="y">CB</subfield>
  </datafield>
  <datafield tag="999" ind1=" " ind2=" ">
    <subfield code="c">17747</subfield>
    <subfield code="d">17747</subfield>
  </datafield>
</record>
